[Event "RUS-chT Clubs"]
[Site "Sochi"]
[Date "2005.04.20"]
[Round "5"]
[White "Berezhevsky, Evgeny"]
[Black "Sharafiev, Azat"]
[Result "0-1"]
[WhiteElo "2385"]
[BlackElo "2272"]
[PlyCount "78"]
[EventDate "2005.04.19"]
[EventType "team"]
[EventRounds "9"]
[EventCountry "RUS"]
[SourceTitle "EXT 2006"]
[Source "ChessBase"]
[SourceDate "2005.11.24"]
[SourceVersion "1"]
[SourceVersionDate "2005.11.24"]
[SourceQuality "1"]

1. d4 Nf6 2. c4 g6 3. Nc3 Bg7 4. e4 d6 5. Nf3 0-0 6. Be2 e5 7. 0-0 Nc6 8. d5 Ne7 9. b4 Nh5 10. Re1 a5 11. bxa5 c5 12. Nd2 Nf4 13. Bf1 Rxa5 14. Nb3 Ra6 15. a4 g5 16. g3 Neg6 17. gxf4 exf4 18. Bb2 g4 19. f3 Ne5 20. Nd2 Rb6 21. Ra2 Qh4 22. Bg2 Nd3 23. Re2 Nxb2 24. Qc2 g3 25. Nf1 Nxc4 26. Nb5 Ne5 27. Ra3 Bd7 28. Qb3 h5 29. hxg3 fxg3 30. f4 Bxb5 31. axb5 Ng4 32. e5 dxe5 33. Qxg3 Qxg3 34. Nxg3 exf4 35. Nxh5 Bd4+ 36. Kf1 Rxb5 37. Be4 Ne3+ 38. Kg1 Re8 39. Bd3 c4 0-1

[Event "RUS-chT Clubs"]
[Site "Sochi"]
[Date "2005.04.20"]
[Round "3"]
[White "Berezhevsky, Evgeny"]
[Black "Slugin, Sergey"]
[Result "1/2-1/2"]
[WhiteElo "2385"]
[BlackElo "2355"]
[PlyCount "37"]
[EventDate "2005.04.19"]
[EventType "team"]
[EventRounds "9"]
[EventCountry "RUS"]
[SourceTitle "EXT 2006"]
[Source "ChessBase"]
[SourceDate "2005.11.24"]
[SourceVersion "1"]
[SourceVersionDate "2005.11.24"]
[SourceQuality "1"]

1. d4 e6 2. c4 f5 3. g3 Nf6 4. Bg2 c6 5. Nf3 d5 6. 0-0 Bd6 7. Bf4 Bxf4 8. gxf4 0-0 9. Qc2 Qe7 10. Nbd2 Bd7 11. Ne5 Be8 12. Ndf3 Bh5 13. cxd5 cxd5 14. Rac1 Na6 15. a3 Bxf3 16. Bxf3 Nd7 17. Nd3 Nb6 18. Ne5 Nd7 19. Nd3 1/2-1/2

[Event "RUS-chT Clubs"]
[Site "Sochi"]
[Date "2005.04.19"]
[Round "1"]
[White "Khairullin, Ildar"]
[Black "Berezhevsky, Evgeny"]
[Result "1-0"]
[WhiteElo "2517"]
[BlackElo "2385"]
[PlyCount "103"]
[EventDate "2005.04.19"]
[EventType "team"]
[EventRounds "9"]
[EventCountry "RUS"]
[SourceTitle "EXT 2006"]
[Source "ChessBase"]
[SourceDate "2005.11.24"]
[SourceVersion "1"]
[SourceVersionDate "2005.11.24"]
[SourceQuality "1"]

1. e4 c5 2. c3 Nf6 3. e5 Nd5 4. d4 cxd4 5. Nf3 Nc6 6. cxd4 d6 7. Bc4 Nb6 8. Bb5 dxe5 9. Nxe5 Bd7 10. Nxd7 Qxd7 11. Nc3 e6 12. 0-0 Be7 13. Qg4 0-0 14. Bxc6 bxc6 15. Bh6 Bf6 16. Rfd1 Kh8 17. Ne4 Qe7 18. Bg5 Bxg5 19. Qxg5 Qxg5 20. Nxg5 Kg8 21. Rac1 Rac8 22. Rc5 Rfd8 23. Nf3 Rd5 24. Rc2 Nd7 25. Rdc1 Nb8 26. Rc4 f6 27. Rb4 Kf7 28. Kf1 Ke7 29. Nd2 Nd7 30. Nb3 Rc7 31. Ke2 e5 32. dxe5 Rxe5+ 33. Kf1 c5 34. Rbc4 Kd6 35. Nd2 Rb7 36. b3 Rd5 37. Ne4+ Kc6 38. b4 f5 39. Nxc5 Nxc5 40. Rxc5+ Rxc5 41. Rxc5+ Kd6 42. a3 g6 43. Ke2 Ke6 44. h4 Rd7 45. Ra5 Kd6 46. Ra6+ Kd5 47. Kd3 Rc7 48. Ra5+ Kd6 49. Kd4 Rb7 50. Ra6+ Kd7 51. h5 g5 52. Ke5 1-0

[Event "RUS-chT2"]
[Site "Sochi"]
[Date "2004.04.27"]
[Round "8.4"]
[White "Khismatullin, Denis Rimovich"]
[Black "Berezhevsky, Evgeny"]
[Result "1-0"]
[WhiteElo "2537"]
[BlackElo "2369"]
[PlyCount "65"]
[EventDate "2004.04.20"]
[EventType "team"]
[EventRounds "9"]
[EventCountry "RUS"]
[SourceTitle "CBM 100 Extra"]
[Source "ChessBase"]
[SourceDate "2004.07.06"]
[SourceVersion "2"]
[SourceVersionDate "2004.07.06"]
[SourceQuality "1"]
[WhiteTeam "03"]
[BlackTeam "07"]
[WhiteTeamCountry "RUS"]
[BlackTeamCountry "RUS"]

1. d4 Nf6 2. c4 g6 3. Nf3 Bg7 4. g3 c6 5. Bg2 d5 6. b3 0-0 7. Bb2 b6 8. 0-0 Bb7 9. Nbd2 Nbd7 10. Ne5 Rc8 11. Rc1 Rc7 12. e3 c5 13. f4 Re8 14. Qe2 dxc4 15. Bxb7 Rxb7 16. bxc4 e6 17. Nd3 cxd4 18. exd4 Nb8 19. Ne5 Rc7 20. Qg2 Qd6 21. g4 Qb4 22. Ndf3 Nbd7 23. Ng5 Nxe5 24. fxe5 Nxg4 25. Bc3 Qxc4 26. Bb2 Ne3 27. Rxc4 Nxc4 28. Bc1 b5 29. Ne4 Rd8 30. Qf2 Nb6 31. Nf6+ Kh8 32. Qh4 h5 33. Nxh5 1-0

[Event "RUS-chT2"]
[Site "Sochi"]
[Date "2004.04.21"]
[Round "2.4"]
[White "Berezhevsky, Evgeny"]
[Black "Andreev, Afrikan"]
[Result "1-0"]
[WhiteElo "2369"]
[BlackElo "2390"]
[PlyCount "75"]
[EventDate "2004.04.20"]
[EventType "team"]
[EventRounds "9"]
[EventCountry "RUS"]
[SourceTitle "CBM 100 Extra"]
[Source "ChessBase"]
[SourceDate "2004.07.06"]
[SourceVersion "2"]
[SourceVersionDate "2004.07.06"]
[SourceQuality "1"]
[WhiteTeam "07"]
[BlackTeam "06"]
[WhiteTeamCountry "RUS"]
[BlackTeamCountry "RUS"]

1. d4 d5 2. c4 c6 3. Nf3 Nf6 4. Nc3 dxc4 5. a4 Bg4 6. Ne5 Bh5 7. g3 e6 8. Bg2 Bb4 9. Nxc4 Nd5 10. Qd3 Nd7 11. 0-0 0-0 12. e4 N5b6 13. Nxb6 axb6 14. Bf4 Qe7 15. Be3 Ra5 16. b3 Rfa8 17. Rac1 f6 18. Na2 Bd6 19. Bd2 R5a7 20. f4 Rd8 21. Qc2 e5 22. fxe5 fxe5 23. d5 cxd5 24. exd5 Bg6 25. Qc4 Nc5 26. Rc3 Raa8 27. Be3 Rac8 28. Qg4 Rf8 29. b4 Nd7 30. Bg5 Qe8 31. Rxc8 Qxc8 32. Qe6+ Bf7 33. Qxd6 e4 34. Rc1 Qe8 35. Be7 e3 36. Bxf8 Nxf8 37. Qxb6 Qxa4 38. Nc3 1-0